| 000 | 00500 a2200169 4500 | ||
|---|---|---|---|
| 001 | 068540 | ||
| 003 | OSt | ||
| 005 | 20220218173614.0 | ||
| 008 | |||
| 082 |
_a822.33 _bC74C |
||
| 245 | 1 |
_aConcise companion to shakespeare and the text _cedited by Andrew Murphy |
|
| 260 |
_aUK _bWiley Blackwell _c2010 |
||
| 300 | _a263p. | ||
| 653 | _aTransmission of texts; Drama--Editing; Shakespeare, William, 1564-1616 | ||
| 700 |
_aMurphy, Andrew _eEditor |
||
| 942 |
_2ddc _cBK |
||
| 999 |
_c2196 _d2196 |
||